000 00532nam a2200181Ia 4500
008 090123s9999 xx 000 0 und d
082 _b34317
_a891.463/लागू
100 _aलागू चिंतामणी
245 _aकोहरा
250 _a1
260 _bदिलिपराज प्रकाशन
300 _a176
600 _aलागू चिंतामणी
630 _aकोहरा
700 _aलागू चिंतामणी
730 _aकोहरा
942 _cBOOK
999 _c72356
_d72356